[Event "45th Olympiad 2024"]
[Site "Budapest HUN"]
[Date "2024.09.15"]
[Round "5.48"]
[Board "2"]
[White "Seder, Mohammed"]
[Black "Ammar, Sedrani"]
[Result "0-1"]
[WhiteElo "2116"]
[BlackElo "2226"]
[PlyCount "64"]
[EventDate "2024.09.11"]
[WhiteTeam "Palestine"]
[BlackTeam "United Arab Emirates"]
[WhiteTeamCountry "PLE"]
[BlackTeamCountry "UAE"]

1. e4 c6 2. d4 d5 3. e5 Bf5 4. h4 h5 5. Bd3 Bxd3 6. Qxd3 e6 7. Bg5 Qb6 8. Nd2 Ne7 9. Ne2 Nd7 10. O-O c5 ({RR} 10... Nf5 11. c4 Be7 12. Bxe7 Nxe7 13. Nf3 Qa6 14. b3 Nf5 15. Nf4 Nb6 16. Rfc1 g6 17. c5 Qxd3 18. Nxd3 Nd7 19. b4 a6 20. a4 Ke7 21. Rab1 Rhc8 22. Rb2 b5 23. cxb6 Nxb6 24. Rbc2 Nc4 25. Nb2 {0-1 Dmitrenko,V (2395)-Valle Luis,L (2263) Titled Tue 20th Aug Early 2024 (7)}) 11. c3 Nf5 12. Nf3 Be7 $146 ({RR} 12... Qa6 13. Qd2 Nb6 14. Ng3 Nc4 15. Qe2 Nxg3 16. fxg3 Rc8 17. Kh2 Rc7 18. Qf2 cxd4 19. cxd4 Na5 20. a3 Qd3 21. Rac1 Rxc1 22. Rxc1 Nc6 23. Rc3 Qb5 24. b4 a6 25. Qc2 Qb6 26. Qd2 {½-½ Korneev,O (2481)-Korpa,B (2516) Hastings Masters 2022-23 (9.1)}) 13. Bxe7 Nxe7 14. Rab1 O-O-O 15. Nf4 Kb8 16. a4 g6 17. Rfe1 Rc8 18. g3 Nf5 19. b3 Rhe8 20. Ng2 cxd4 21. cxd4 Qb4 22. Rec1 f6 23. Nf4 fxe5 24. Nxe5 Nxe5 25. dxe5 Qe7 26. Qd2 Rcd8 27. Re1 g5 28. Ng6 Qf7 29. Qxg5 Rg8 30. Qxh5 Rxg6 31. Qf3 Qg7 32. Qe2 Rg8 0-1

[Event "45th Olympiad 2024"]
[Site "Budapest HUN"]
[Date "2024.09.15"]
[Round "5.48"]
[Board "3"]
[White "Ahmed, Fareed"]
[Black "Abdel Wahab, Ahmad"]
[Result "1-0"]
[WhiteElo "2061"]
[BlackElo "1995"]
[PlyCount "103"]
[EventDate "2024.09.11"]
[WhiteTeam "United Arab Emirates"]
[BlackTeam "Palestine"]
[WhiteTeamCountry "UAE"]
[BlackTeamCountry "PLE"]

1. e4 c5 2. Nf3 d6 3. c3 Nf6 4. Be2 Nc6 5. d4 cxd4 6. cxd4 Qa5+ ({RR} 6... Bg4 7. d5 Nb8 8. Qb3 Nbd7 9. h3 Nc5 10. Qe3 Bd7 11. Nc3 Qa5 12. Nd2 b5 13. e5 b4 14. Nc4 Qa6 15. Nxd6+ exd6 16. Bxa6 dxe5 17. Qxe5+ {1-0 Hossain,E (2426)-Romsdal,T (2243) Troll Masters 2002 (1)}) 7. Nbd2 $146 ({RR} 7. Bd2 Qb6 8. Nc3 Bd7 9. O-O Nxd4 10. Nxd4 Qxd4 11. Nb5 Qb6 12. Be3 Qd8 13. Rc1 Bc6 14. Qb3 e5 15. Bxa7 Nd7 16. Bc4 Qa5 17. Be3 Kd8 18. Nc3 f6 19. Nd5 b5 20. Bd3 Nc5 21. Qc2 Bxd5 {1-0 Biro,S (2305)-Kampmann,L (2170) Regionalliga NO 9899 1998 (7.1)}) ({RR} 7. Bd2 Qb6 8. d5 Nxe4 9. Be3 Qa5+ 10. Nc3 Nxc3 11. bxc3 Ne5 12. Nxe5 dxe5 13. O-O Qc7 14. Rb1 Bd7 15. Qb3 b6 16. Bc4 Rc8 17. Ba6 Ra8 18. Rfe1 g6 19. Bg5 h6 20. d6 exd6 21. Bf6 Rh7 {1-0 Thomas,G (1741)-Jhunjhnuwala,S (1850) World Senior Teams +50 2023 (6.4)}) ({RR} 7. Bd2 Qb6 8. Nc3 Nxd4 9. Nxd4 Qxd4 10. Nb5 Qb6 11. Be3 Qa5+ 12. b4 Qxb4+ 13. Bd2 Qxe4 14. Nc7+ Kd8 15. Nxa8 b6 16. Nxb6 axb6 17. O-O e6 18. Be3 Nd7 19. Qb3 Qb7 20. Rab1 Kc7 21. Bh5 Nc5 {1-0 Skrobek,R (2365)-Jurkiewicz,K Dreszer Memorial 1986 (10)}) 7... g6 8. O-O Bg7 9. Nc4 Qd8 10. d5 Nb8 11. Qd3 O-O 12. Be3 Bg4 13. Rac1 Nbd7 14. b4 Nb6 15. Nd4 Nxc4 16. Rxc4 Bxe2 17. Nxe2 Ng4 18. Bd4 Ne5 19. Bxe5 Bxe5 20. Rfc1 Qb6 21. a4 a5 22. b5 f5 23. Qe3 Qxe3 24. fxe3 b6 25. Nf4 Bxf4 26. exf4 fxe4 27. Rxe4 Ra7 28. g4 h5 29. h3 hxg4 30. hxg4 Kf7 31. Kg2 Rh8 32. Kg3 Rb7 33. Rec4 Kf6 34. Rc8 Rb8 35. Rxb8 Rxb8 36. Rc6 Kf7 37. Kf3 Rh8 38. Kg2 Rb8 39. Kh3 Rh8+ 40. Kg2 Rb8 41. g5 Kg7 42. Kg3 Kf7 43. Kg4 Kg7 44. Rc7 Kf7 45. f5 Rh8 46. f6 Rh1 47. Rxe7+ Kf8 48. Rg7 Rg1+ 49. Kf4 Ra1 50. Rxg6 Rxa4+ 51. Kf5 Ra1 52. Rh6 1-0

[Event "45th Olympiad 2024"]
[Site "Budapest HUN"]
[Date "2024.09.15"]
[Round "5.49"]
[Board "1"]
[White "Ferster, Fabian"]
[Black "Valdes Romero, Leonardo"]
[Result "1/2-1/2"]
[WhiteElo "2184"]
[BlackElo "2347"]
[PlyCount "88"]
[EventDate "2024.09.11"]
[WhiteTeam "Liechtenstein"]
[BlackTeam "Costa Rica"]
[WhiteTeamCountry "LIE"]
[BlackTeamCountry "CRI"]

1. e4 c5 2. Nc3 d6 3. d4 cxd4 4. Qxd4 Nc6 5. Qd2 g6 6. b3 Bg7 7. Bb2 Nf6 8. O-O-O O-O 9. f3 h5 ({RR} 9... a5 10. Kb1 Bd7 11. a4 Nb4 12. h4 Rc8 13. h5 Rc5 14. hxg6 hxg6 15. Bd3 Qc7 16. Nge2 Rc8 17. g4 d5 18. Nxd5 Nbxd5 19. exd5 Rxd5 20. Nf4 Rc5 21. g5 Nd5 22. Nxd5 Rxd5 23. Bxg7 Kxg7 24. Qh2 {½-½ Ten Hertog,H (2522)-Sorokin,A (2536) Titled Tuesday intern op 09th Nov blitz 2021 (4)}) 10. h3 $146 ({RR} 10. Nge2 Kh7 11. Kb1 a5 12. h3 a4 13. Nxa4 b5 14. Nac3 Qa5 15. g4 b4 16. Na4 Bd7 17. g5 Ne8 18. Qd5 Qa7 19. Bxg7 Nxg7 20. Nd4 Nxd4 21. Qxd4 Bxa4 22. bxa4 Qxa4 23. Bc4 Ne6 24. Qb2 Nc5 {0-1 Pradhan,A-Orman,A EU-ch Schools U07 2022 (6)}) ({RR} 10. Kb1 Be6 11. Nge2 a6 12. Nf4 b5 13. Rg1 Qd7 14. Ncd5 Bxd5 15. Nxd5 Nxd5 16. Qxd5 Ne5 17. f4 Ng4 18. Qd2 Qa7 19. Bxg7 Kxg7 20. Qd4+ Qxd4 21. Rxd4 Rac8 22. Be2 Rc3 23. Rd3 Rfc8 24. Rxc3 Rxc3 {0-1 Dwilewicz,K (2130)-Solovjov,A (2237) Titled Tue 14th May Early 2024 (3)}) ({RR} 10. h4 Ne5 11. Kb1 Be6 12. Nge2 a6 13. Nd4 Bd7 14. Nd5 Nxd5 15. exd5 b5 16. Bd3 Qb6 17. Rhe1 Rfe8 18. Ne2 Rac8 19. Bd4 Qb7 20. Nf4 Nxd3 21. Qxd3 Bf5 22. Re4 Bxe4 23. fxe4 Qd7 24. Qg3 Qg4 {0-1 Tabuenca Mendataurigoitia,D (1791)-Quispe Arteaga,G (2402) Zujar Villa Termal blitz 2nd 2020 (5)}) 10... Qa5 11. g4 Be6 12. Kb1 Rfc8 13. Nge2 Rab8 14. Nd5 Qxd2 15. Nxf6+ Bxf6 16. Rxd2 Bxb2 17. Kxb2 hxg4 18. hxg4 Kg7 19. Nf4 Rh8 20. Rdh2 Rxh2 21. Rxh2 Ne5 22. Be2 g5 23. Nd3 Nxd3+ 24. cxd3 Rc8 25. Bd1 Bd7 26. Rc2 Kf6 27. Rxc8 Bxc8 28. d4 e5 29. d5 Ke7 30. Kc3 Kd8 31. Be2 Bd7 32. Bd3 Kc7 33. Be2 Kb6 34. Bd3 a5 35. a3 Be8 36. Be2 Kc5 37. Bf1 Bd7 38. Be2 Be8 39. Bf1 Bb5 40. Bxb5 Kxb5 41. Kd3 Kc5 42. Kc3 Kb5 43. Kd3 Kc5 44. Kc3 Kb5 1/2-1/2

[Event "45th Olympiad 2024"]
[Site "Budapest HUN"]
[Date "2024.09.15"]
[Round "5.49"]
[Board "3"]
[White "Heron, Andrew"]
[Black "Cabezas Solano, David Alejandro"]
[Result "1-0"]
[WhiteElo "2026"]
[BlackElo "2248"]
[PlyCount "111"]
[EventDate "2024.09.11"]
[WhiteTeam "Liechtenstein"]
[BlackTeam "Costa Rica"]
[WhiteTeamCountry "LIE"]
[BlackTeamCountry "CRI"]

1. e4 c5 2. Nf3 d6 3. d4 cxd4 4. Qxd4 Nc6 5. Bb5 Bd7 6. Qd3 g6 7. O-O Bg7 8. c4 Nf6 9. Nc3 O-O 10. h3 Nb4 11. Qe2 a6 12. Bxd7 Nxd7 13. Bd2 Rc8 ({RR} 13... e6 14. Rfd1 Qc7 15. Rac1 Rfc8 16. b3 Nc5 17. Bf4 Rd8 18. h4 h6 19. Bg3 Qa5 20. Nd4 Rac8 21. Rd2 h5 22. Qe3 d5 23. cxd5 exd5 24. Nxd5 Nxd5 25. exd5 Ne4 26. Rxc8 Rxc8 27. Rc2 Rxc2 28. Nxc2 {0-1 Farias,D (2206)-Ortega,M (2473) 12th Pontevedra Open 2024 (2.4)}) 14. Rac1 $146 ({RR} 14. Rfd1 Ne5 15. Nxe5 Bxe5 16. Rac1 Nc6 17. b3 Qa5 18. Na4 Nd4 19. Qe3 Qc7 20. Bc3 Nc6 21. Nb6 Bxc3 22. Rxc3 Rcd8 23. Nd5 Qc8 24. b4 Qe6 25. b5 Ne5 26. Qa7 Nd7 27. Qxb7 Qxe4 28. bxa6 Kg7 {1-0 Macieja,B (2612)-Musialkiewicz,J (2150) Wroclaw op-A 6th 2011 (1)}) ({RR} 14. a3 Nc6 15. Rac1 Na5 16. Nd5 Nb3 17. Rc2 e6 18. Nf4 Qf6 19. Be3 Ndc5 20. Nd2 Nd4 21. Bxd4 Qxd4 22. Rd1 Bh6 23. Nd3 Qxd3 {0-1 Baches Garcia,G (2329)-Perez Gormaz,M (2404) Titled Tuesday intern op 30th Nov blitz 2021 (5)}) 14... Nc5 15. Rfd1 Nc6 16. b3 Rb8 17. Bf4 Qa5 18. Nd5 Ne6 19. Be3 Rfe8 20. a4 Qd8 21. c5 Kh8 22. cxd6 exd6 23. b4 Ne7 24. Ng5 Rf8 25. Nxe6 fxe6 26. Bb6 Qe8 27. Nxe7 Qxe7 28. Bc7 Be5 29. Bxb8 Rxb8 30. Rc2 Rf8 31. g3 Qf6 32. Rdc1 Bd4 33. Rc8 Bxf2+ 34. Kg2 Bd4 35. Rxf8+ Qxf8 36. Qf3 Qe7 37. Rc4 Be5 38. b5 axb5 39. axb5 b6 40. Rc6 Bd4 41. Qf4 e5 42. Rc7 exf4 43. Rxe7 fxg3 44. Kxg3 Kg8 45. Rd7 h6 46. Kg4 Be5 47. h4 Kf8 48. h5 gxh5+ 49. Kxh5 Bf4 50. Kg6 Ke8 51. Rb7 Be3 52. Kf6 Kd8 53. Ke6 Kc8 54. Rh7 Bf4 55. Kd5 Kb8 56. Kc6 1-0

[Event "45th Olympiad 2024"]
[Site "Budapest HUN"]
[Date "2024.09.15"]
[Round "5.50"]
[Board "3"]
[White "Zilleruelo Irizarry, Diego"]
[Black "Croad, Nicolas"]
[Result "1-0"]
[WhiteElo "2041"]
[BlackElo "2195"]
[PlyCount "45"]
[EventDate "2024.09.11"]
[WhiteTeam "Puerto Rico"]
[BlackTeam "New Zealand"]
[WhiteTeamCountry "PUR"]
[BlackTeamCountry "NZL"]

1. d4 {ChessBase} Nf6 2. c4 e6 3. Nc3 Bb4 4. e3 O-O 5. Bd2 d5 6. Nf3 c5 7. a3 Bxc3 8. Bxc3 Ne4 9. Qc2 ({RR} 9. Bd3 Nxc3 10. bxc3 dxc4 11. Bxc4 Nd7) ({RR} 9. Rc1 Nxc3 10. Rxc3 cxd4 11. exd4 Nc6 12. Be2 dxc4 13. Bxc4 Qf6 14. O-O Rd8 15. Rd3 Bd7 16. Re1 Be8 17. Qd2 Ne7 18. Ng5 Nd5 19. Rf3 Qe7 20. Rg3 h6 21. Nf3 Qf6 22. Re4 Ne7 23. Ne5 Nf5) 9... cxd4 ({RR} 9... Nxc3 10. bxc3 Nd7 ({RR} 10... dxc4 11. Bxc4 Nd7 12. O-O b6 13. d5 exd5 14. Bxd5 Rb8) 11. Bd3 h6 12. cxd5 exd5 13. Qb2 Qe7 14. O-O Nf6 15. Rfb1 c4 16. Bc2 Ne4 17. a4 Re8 18. a5 Nd6 19. Qb4 Be6 20. Re1 ({RR} 20. Ne5) 20... Bf5 21. Bxf5 Nxf5 22. Qxe7 ({RR} 22. Qb5 Qe6 ({RR} 22... Rad8 23. Reb1 Rd7 24. Ne5 Rc7 25. Qxd5) ({RR} 22... Qd6 23. Ne5 Rab8 24. Nxc4) 23. Qxb7 Reb8 24. Qc7 Nd6) 22... Rxe7 23. h4 h5 24. g3 {½-½ Aronian,L (2781)-Anand,V (2803) London Classic 7th 2015 (2)}) ({RR} 9... Nxc3 10. Qxc3 cxd4 11. Nxd4 e5 12. Nf3 Nc6 13. cxd5 Qxd5 14. Bc4 Qd6 15. Rd1 Qf6 16. Bd5 Bg4 17. h3 Bh5 18. g4 Bg6 19. Bxc6 bxc6 20. Nxe5 Be4 21. O-O Rfe8 22. f4 Qh4 23. Kh2 f6 24. Qc4+ {1-0 Hayrapetyan,H (2432)-Caspi,I (2471) Titled Tue 6th Feb Early 2024 (3)}) 10. exd4 Nxc3 $146 ({RR} 10... Nc6 11. Bd3 f5 12. O-O b6 13. Rad1 Ba6 14. cxd5 Bxd3 15. Qxd3 Qxd5 16. Ne5 Nxc3 17. Nxc6 Qxc6 18. Qxc3 Rac8 19. Qxc6 Rxc6 20. d5 exd5 21. Rxd5 Rc2 22. Rb5 g6 23. f4 Re8 24. Rb1 Ree2 25. g3 {0-1 Loev,D (1534)-Chernyaev,V (1838) Kimry-ch 2010 (2)}) ({RR} 10... Nc6 11. c5 e5 12. dxe5 Nxc3 13. Qxc3 d4 14. Qd2 Qd5 15. Be2 Nxe5 16. O-O Qxc5 17. Nxe5 Qxe5 18. Rad1 Rd8 19. Rfe1 Qf6 20. Bf3 h6 21. Re4 d3 22. Rb4 Rb8 23. Qe3 Qa6 24. Be4 Be6 25. Bxd3 {0-1 Mateus,J (1860)-De Matos,R (1984) Tiradentes op 2014 (3)}) 11. bxc3 Nd7 12. Bd3 Nf6 13. O-O dxc4 14. Bxc4 b6 15. Rfe1 Bb7 16. Ne5 Qc7 17. Re3 g6 18. Rae1 Ng4 19. Nxg4 Qxc4 20. Qd2 Qc6 21. d5 exd5 22. Qd4 f6 23. Re6 1-0

[Event "45th Olympiad 2024"]
[Site "Budapest HUN"]
[Date "2024.09.15"]
[Round "5.50"]
[Board "4"]
[White "Gong, Daniel Hanwen"]
[Black "Mejias Nunez, Rafael E."]
[Result "1/2-1/2"]
[WhiteElo "2240"]
[BlackElo "2026"]
[PlyCount "92"]
[EventDate "2024.09.11"]
[WhiteTeam "New Zealand"]
[BlackTeam "Puerto Rico"]
[WhiteTeamCountry "NZL"]
[BlackTeamCountry "PUR"]

1. e4 e5 2. Nf3 Nf6 3. d4 Nxe4 4. Bd3 d5 5. Nxe5 Nd7 6. Nc3 Nxc3 7. bxc3 Nxe5 8. dxe5 Bc5 9. O-O O-O 10. Rb1 c6 ({RR} 10... Qh4 11. Qf3 b6 12. Qxd5 Be6 13. Qe4 Qxe4 14. Bxe4 Rad8 15. a4 h6 16. a5 bxa5 17. Ra1 Bc4 18. Re1 Rfe8 19. Bf4 g5 20. Rxa5 Bb6 21. Ra4 gxf4 22. Rxc4 Rxe5 23. Kf1 Rde8 24. Re2 R8e6 25. Bf3 {½-½ Giri,A (2760)-Nepomniachtchi,I (2771) AI Cup Div 1 L 2023 (3.1)}) 11. Re1 ({RR} 11. Qf3 Qh4 12. g3 Qe7 13. Re1 f6 14. e6 f5 15. Be3 Ba3 16. Rb3 Bxe6 17. Bg5 Qxg5 18. Rxe6 Bc5 19. Rxb7 Rf6 20. Rxf6 Qxf6 21. Qxf5 Qxf5 22. Bxf5 Re8 23. Kf1 Bb6 24. Bd7 Rf8 25. f4 Rf6 {½-½ Phatak,A (2153)-Davari,S (2226) 30th Abu Dhabi Masters 2024 (4.106)}) 11... Qh4 12. Be3 Bxe3 $146 ({RR} 12... b6 13. h3 Be6 14. Qf3 Rad8 15. Bxc5 bxc5 16. Rb7 Qg5 17. c4 dxc4 18. Be4 g6 19. Bxc6 Qd2 20. Re2 Qd1+ 21. Kh2 Rd2 22. Rxd2 Qxd2 23. c3 Qxa2 24. Qe3 a5 25. Ra7 Qb1 26. Be4 Qb8 27. Qxc5 {1-0 Oparin,G (2667)-Nguyen Ngoc Truong Son (2645) ChessKid Cup Div 2 W 2023 (3.2)}) 13. Rxe3 b5 14. Rb4 Qg5 15. g3 g6 16. Rh4 Qe7 17. Qf3 Be6 18. Rf4 Rab8 19. h4 c5 20. Bf1 a5 21. h5 b4 22. c4 Rbd8 23. Bd3 dxc4 24. Bxc4 Bxc4 25. Rxc4 Rd4 26. Rxd4 cxd4 27. Re4 Qe6 28. h6 Re8 29. Qf4 Kf8 30. Kh2 Qf5 31. Qxf5 gxf5 32. Rxd4 Rxe5 33. Rd8+ Re8 34. Rd5 Re6 35. Rxf5 Rxh6+ 36. Kg2 Rc6 37. Rxa5 Rxc2 38. Kf3 Kg7 39. Ke3 Kg6 40. f3 h5 41. Ra4 Rc3+ 42. Ke4 b3 43. axb3 Rxb3 44. Kf4 f6 45. Re4 Ra3 46. Re2 Rb3 1/2-1/2

[Event "45th Olympiad 2024"]
[Site "Budapest HUN"]
[Date "2024.09.15"]
[Round "5.54"]
[Board "2"]
[White "Makoto, Rodwell"]
[Black "Alhassadi, Yousef A."]
[Result "1-0"]
[WhiteElo "2311"]
[BlackElo "2082"]
[PlyCount "97"]
[EventDate "2024.09.11"]
[WhiteTeam "Zimbabwe"]
[BlackTeam "Libya"]
[WhiteTeamCountry "ZIM"]
[BlackTeamCountry "LBY"]

1. Nf3 d5 2. g3 c5 3. Bg2 Nc6 4. O-O Nf6 5. d4 e6 6. c4 Be7 ({RR} 6... a6 7. cxd5 exd5 8. Bg5 Be6 9. Nc3 Be7 10. dxc5 Bxc5 11. Bxf6 gxf6 12. e3 Qd6 13. Rc1 Rd8 14. Ne2 O-O 15. Qc2 Bb6 16. Ned4 Ne5 17. b3 Kh8 18. Qd2 Bc5 19. Nxe5 fxe5 20. Nxe6 fxe6 21. Qc3 {½-½ Shavtvaladze,N (2452)-Gelashvili,T (2605) Kalamaria op 6th 2009 (9)}) 7. a3 ({RR} 7. Na3 O-O 8. b3 dxc4 9. Nxc4 cxd4 10. Nfe5 Nxe5 11. Nxe5 Bc5 12. Nd3 Bb6 13. Bb2 Nd5 14. Rc1 Qd6 15. Rc4 e5 16. Ba3 Qxa3 17. Bxd5 Qd6 18. Bg2 Be6 19. Rc2 Bd5 20. f3 Rac8 21. Qd2 f5 {0-1 Aketayeva,D (2130)-Mirzanurov,B (2199) Titled Tuesday intern op 15th Feb Early blitz 2022 (4)}) 7... Ne4 $146 ({RR} 7... cxd4 8. Nxd4 e5 9. Nxc6 bxc6 10. Nc3 Bb7 11. Bg5 e4 12. Qa4 O-O 13. Rfd1 Nd7 14. Be3 Nb6 15. Bxb6 Qxb6 16. cxd5 cxd5 17. Nxd5 Bxd5 18. Rxd5 Bc5 19. Rf1 Rac8 20. b4 Bd4 21. Bxe4 Rc3 22. Qd1 {1-0 Stagl,M (1724)-Spielleuthner,S (1742) AUT-ch U16 Bad Ischl 2007 (7)}) ({RR} 7... O-O 8. dxc5 dxc4 9. Qc2 Na5 10. Nbd2 Bxc5 11. b4 cxb3 12. Qxc5 b6 13. Qd4 Qc7 14. Bb2 Ba6 15. Rac1 Qe7 16. Qb4 Qd7 17. Bxf6 gxf6 18. Nd4 Bb7 19. N4xb3 Bxg2 20. Kxg2 Nc6 21. Qh4 f5 22. Nf3 {1-0 Autengruber,D (1918)-Molnar,M (1806) Vienna op-B 14th 2003 (6)}) 8. dxc5 Bxc5 9. b4 Be7 10. Bb2 Bf6 11. Qc2 Bxb2 12. Qxb2 Qf6 13. Qxf6 Nxf6 14. cxd5 Nxd5 15. e4 Nb6 16. Nbd2 Ke7 17. Nb3 a6 18. e5 Rd8 19. Rfe1 Rd5 20. Rac1 Bd7 21. Nc5 Rb8 22. Rc2 Be8 23. Nd2 Rdd8 24. Ndb3 Nd5 25. f4 Na7 26. Rd2 Nb5 27. Bxd5 Rxd5 28. Rxd5 exd5 29. a4 Nc3 30. Ra1 b6 31. Nxa6 Rc8 32. a5 bxa5 33. bxa5 Ne2+ 34. Kf2 Rc2 35. Ke1 Nc3 36. Nd2 Ne4 37. Nxe4 dxe4 38. Nb4 Rxh2 39. Ra3 Rb2 40. Nd5+ Kd8 41. a6 Bc6 42. Ne3 Kc7 43. a7 Ba8 44. Nf5 g6 45. Nh6 Rb1+ 46. Kd2 Rb2+ 47. Kc1 Re2 48. Kd1 Rg2 49. Nxf7 1-0

[Event "45th Olympiad 2024"]
[Site "Budapest HUN"]
[Date "2024.09.15"]
[Round "5.55"]
[Board "3"]
[White "Junior, Domingos"]
[Black "Lim Teck Guan, Rodney"]
[Result "1/2-1/2"]
[WhiteElo "2183"]
[BlackElo "1931"]
[PlyCount "94"]
[EventDate "2024.09.11"]
[WhiteTeam "Angola"]
[BlackTeam "Brunei Darussalam"]
[WhiteTeamCountry "ANG"]

1. e4 c6 2. d4 d5 3. Nc3 dxe4 4. Nxe4 Bf5 5. Ng3 Bg6 6. Nf3 Nd7 7. h4 h6 8. h5 Bh7 9. Bd3 Bxd3 10. Qxd3 e6 11. Bf4 Qa5+ 12. Bd2 Bb4 13. c3 Be7 14. a3 Ngf6 15. c4 Qc7 16. Ne4 ({RR} 16. O-O-O O-O-O 17. Qc2 Rhe8 18. Be3 Bf8 19. Ne2 Ng4 20. Nc3 Nxe3 21. fxe3 Nf6 22. Kb1 a6 23. e4 c5 24. d5 exd5 25. exd5 Bd6 26. Nh4 Be5 27. Nf5 Qd7 28. Na4 Qc7 29. Nxg7 Rg8 30. Nf5 Ne8 {0-1 Mohammadi,M (2164)-Bold,A (2194) Titled Tue 29th Aug Early 2023 (11)}) 16... O-O 17. Bc3 Rfd8 $146 ({RR} 17... Nxe4 18. Qxe4 b5 19. Ne5 Rac8 20. O-O bxc4 21. Nxc4 Nf6 22. Qf3 Nd5 23. Bd2 Bf6 24. Qg4 Kh8 25. Rac1 c5 26. dxc5 Qxc5 27. Ne3 Qb5 28. Nxd5 Qxd5 29. Rcd1 Rc4 30. Qe2 Rc2 31. Bb4 Rxe2 32. Rxd5 {0-1 Mikalsen,H (2041)-Laohawirapap,P (1844) Bangkok Cha Am op 19th 2019 (3)}) 18. O-O-O b5 19. Nxf6+ Nxf6 20. Qe2 a5 21. c5 Nd5 22. Bd2 a4 23. Ne5 Bf6 24. Qe4 Bxe5 25. dxe5 Qe7 26. Bb4 Rd7 27. f4 Rad8 28. g3 Nxb4 29. axb4 Rxd1+ 30. Rxd1 Rxd1+ 31. Kxd1 Qd7+ 32. Ke2 Qd5 33. Qxd5 exd5 34. Kf3 Kf8 35. Kg4 Ke7 36. Kf5 Kd7 37. g4 Ke7 38. g5 hxg5 39. fxg5 g6+ 40. hxg6 fxg6+ 41. Kxg6 d4 42. Kh6 d3 43. g6 d2 44. g7 d1=Q 45. g8=Q Qh1+ 46. Kg7 Qg2+ 47. Kh8 Qxb2 1/2-1/2

[Event "45th Olympiad 2024"]
[Site "Budapest HUN"]
[Date "2024.09.15"]
[Round "5.56"]
[Board "2"]
[White "Kayonde, Andrew"]
[Black "Mwale, Joseph"]
[Result "1-0"]
[WhiteElo "2338"]
[BlackElo "2063"]
[PlyCount "69"]
[EventDate "2024.09.11"]
[WhiteTeam "Zambia"]
[BlackTeam "Malawi"]
[WhiteTeamCountry "ZAM"]
[BlackTeamCountry "MWI"]

1. d4 Nf6 2. c4 e6 3. Nc3 Bb4 4. e3 d5 5. cxd5 exd5 6. Bd3 O-O 7. Nge2 Bd6 8. Nf4 $146 ({RR} 8. h3 c6 9. O-O Re8 10. Qc2 Nbd7 11. Rb1 Nf8 12. b4 Ng6 13. f3 Nh5 14. f4 Nf6 15. Bd2 Bd7 16. Ng3 Nh4 17. Nf5 Nxf5 18. Bxf5 Ne4 19. Bxd7 Qxd7 20. Nxe4 Rxe4 21. b5 c5 22. dxc5 Rc4 {½-½ Soultanbeieff,V-Fairhurst,W Olympiad-05 Folkestone 1933 (14.1)}) ({RR} 8. Bd2 b6 9. O-O Re8 10. Nb5 Bf8 11. Rc1 c5 12. dxc5 bxc5 13. Qa4 Nbd7 14. Ba5 Nb6 15. Qf4 Ba6 16. Rfd1 c4 17. Bxc4 Re4 18. Qf3 Rxc4 19. Rxc4 Bxb5 20. Rc2 Rc8 21. Qf5 Bd7 {½-½ Vitiugov,N (2727)-Matlakov,M (2683) Yasnaya Polyana Tolstoy Memorial rapid 2021 (5)}) ({RR} 8. Bd2 a6 9. Rc1 Re8 10. O-O Ng4 11. g3 Nf6 12. f3 c5 13. Kh1 Nc6 14. Bb1 h5 15. a3 Bh3 16. Re1 Be6 17. dxc5 Bxc5 18. Nf4 Qd6 19. Nxe6 Rxe6 20. e4 dxe4 21. Nxe4 Nxe4 22. Bxe4 Rd8 {½-½ Diaz,R (2438)-Escalona Landi,S (2247) Guillermo Garcia Gp1 2024 (5.2)}) ({RR} 8. Nb5 Be7 9. O-O Re8 10. a3 a5 11. Kh1 Na6 12. f3 c5 13. Nbc3 Bd7 14. g4 Nc7 15. a4 Ne6 16. Rg1 Bc6 17. Bc2 Nd7 18. f4 cxd4 19. exd4 Bb4 20. g5 Nef8 21. f5 Nc5 22. Nf4 Ne4 {1-0 Gurevich,M (2625)-Dizdar,G (2490) Reykjavik op 1988}) 8... Bxf4 9. exf4 Re8+ 10. Ne2 b6 11. b4 Nc6 12. Rb1 Nxd4 13. Bxh7+ Kxh7 14. Qxd4 Re4 15. Qd2 Qe8 16. f3 Re7 17. Kf2 Ba6 18. Ng3 Qb5 19. Bb2 Rae8 20. Be5 Nd7 21. Nf5 Nxe5 22. fxe5 Rxe5 23. Qg5 Rxf5 24. Qxf5+ Kg8 25. Rhe1 Re2+ 26. Kg3 c6 27. Rbc1 g6 28. Qf6 Bb7 29. Rcd1 Qc4 30. h4 Qxa2 31. Rxe2 Qxe2 32. h5 gxh5 33. Rh1 Qe6 34. Qd8+ Kg7 35. Rxh5 1-0

[Event "45th Olympiad 2024"]
[Site "Budapest HUN"]
[Date "2024.09.15"]
[Round "5.56"]
[Board "3"]
[White "Chipanga, Chiletso"]
[Black "Mulenga, Prince Daniel"]
[Result "1/2-1/2"]
[WhiteElo "2089"]
[BlackElo "2184"]
[PlyCount "105"]
[EventDate "2024.09.11"]
[WhiteTeam "Malawi"]
[BlackTeam "Zambia"]
[WhiteTeamCountry "MWI"]
[BlackTeamCountry "ZAM"]

1. e4 {ChessBase II} c5 2. Nf3 Nc6 3. d4 cxd4 4. Nxd4 Nf6 5. Nc3 d6 6. Be2 g6 7. O-O Bg7 8. Be3 O-O 9. Nxc6 bxc6 10. f4 Nd7 ({RR} 10... Qa5 11. h3 Rb8 12. Rb1 Rd8 13. Qe1 Kh8 14. Qh4 d5 15. exd5 cxd5 16. Bd4 Rb4 17. Qf2 Bf5 18. Bc5 Rxf4 19. Qxf4 Qxc5+ 20. Kh1 d4 21. Rbd1 e5 22. Qh4 Rb8 23. Nb1 Rxb2 24. Bg4 Bxc2 25. Rc1 {0-1 Delgado,F (2200)-Conquest,S (2400) WchT U26 06th 1986}) 11. g4 $146 ({RR} 11. Qd2 Qc7 12. Rad1 Rb8 13. b3 Qa5 14. Nd5 Qd8 15. Nb4 c5 16. Nc6 Qc7 17. Nxe7+ Kh8 18. Qxd6 Rb7 19. Ba6 Qxd6 20. Rxd6 Rb6 21. Nxc8 Rxc8 22. Rxb6 Nxb6 23. Bxc8 Nxc8 24. Bxc5 {1-0 Badik,M (1878)-Vorobets,M Lvov Region-ch op 2nd 2011 (1)}) ({RR} 11. Na4 Qa5 12. c3 Ba6 13. Bxa6 Qxa6 14. Qc2 Nb6 15. Nxb6 axb6 16. a3 Qa4 17. Qd3 Qb3 18. Rf2 Ra4 19. Re1 b5 20. f5 Rc4 21. Bg5 Bd4 22. Be3 Bg7 23. Bg5 Bd4 {½-½ Mihalyfi,G (1996)-Kurcsics,M (1938) HUN-chT2 Szechenyi 1415 2014 (9.7)}) ({RR} 11. Na4 Nb6 12. c3 Bb7 13. Nxb6 axb6 14. Bf3 b5 15. Qc2 c5 16. a3 Qc7 17. Rad1 Ba6 18. Rf2 Bb7 19. Re2 Rfc8 20. Rdd2 Rf8 21. Re1 f5 22. Rf2 Ra4 23. exf5 Bxf3 24. Rxf3 Rxf5 25. Qb3+ c4 {1-0 Matic,M (1565)-Gheng,D (1635) Stuttgart-chB int 2013 (3)}) 11... Rb8 12. Na4 Rb4 13. c4 Nf6 14. Nc3 Rxb2 15. Rc1 Qa5 16. Bd4 c5 17. Bxf6 Bxf6 18. e5 dxe5 19. g5 Bg7 20. Nd5 exf4 21. Nxe7+ Kh8 22. Rxf4 Be6 23. Bf3 Qd2 24. Qxd2 Rxd2 25. Re1 Rb8 26. Nc6 Rbb2 27. Bd5 Rxa2 28. Bxe6 fxe6 29. Rxe6 Ra1+ 30. Rf1 Bd4+ 31. Nxd4 Rxf1+ 32. Kxf1 Rxd4 33. h3 Rxc4 34. Re8+ Kg7 35. Re7+ Kg8 36. Rxa7 Rc1+ 37. Ke2 Rg1 38. h4 Rg4 39. Ra8+ Kf7 40. Ra7+ Ke6 41. Rxh7 Kd5 42. Kf3 Ra4 43. h5 gxh5 44. Rxh5 Ra8 45. g6+ Kd4 46. g7 Rg8 47. Rg5 c4 48. Rg6 Kd3 49. Rd6+ Kc2 50. Rd7 c3 51. Kf4 Kb2 52. Rb7+ Ka2 53. Ke3 1/2-1/2